<?xml version="1.0" encoding="UTF-8"?><?xml-stylesheet type="text/xsl" href="static/style.xsl"?><OAI-PMH xmlns="http://www.openarchives.org/OAI/2.0/" xmlns:xsi="http://www.w3.org/2001/XMLSchema-instance" xsi:schemaLocation="http://www.openarchives.org/OAI/2.0/ http://www.openarchives.org/OAI/2.0/OAI-PMH.xsd"><responseDate>2026-04-14T06:59:31Z</responseDate><request verb="GetRecord" identifier="oai:www.recercat.cat:2445/154799" metadataPrefix="marc">https://recercat.cat/oai/request</request><GetRecord><record><header><identifier>oai:recercat.cat:2445/154799</identifier><datestamp>2025-11-19T11:10:33Z</datestamp><setSpec>com_2072_1057</setSpec><setSpec>col_2072_478917</setSpec><setSpec>col_2072_478937</setSpec></header><metadata><record xmlns="http://www.loc.gov/MARC21/slim" xmlns:dcterms="http://purl.org/dc/terms/" xmlns:xsi="http://www.w3.org/2001/XMLSchema-instance" xmlns:doc="http://www.lyncode.com/xoai" xsi:schemaLocation="http://www.loc.gov/MARC21/slim http://www.loc.gov/standards/marcxml/schema/MARC21slim.xsd">
   <leader>00925njm 22002777a 4500</leader>
   <datafield ind2=" " ind1=" " tag="042">
      <subfield code="a">dc</subfield>
   </datafield>
   <datafield ind2=" " ind1=" " tag="720">
      <subfield code="a">Puig Rovira, Josep M.</subfield>
      <subfield code="e">author</subfield>
   </datafield>
   <datafield ind2=" " ind1=" " tag="720">
      <subfield code="a">Bär Kwast, Brenda</subfield>
      <subfield code="e">author</subfield>
   </datafield>
   <datafield ind2=" " ind1=" " tag="260">
      <subfield code="c">2020-04-02T06:17:23Z</subfield>
   </datafield>
   <datafield ind2=" " ind1=" " tag="260">
      <subfield code="c">2020-04-02T06:17:23Z</subfield>
   </datafield>
   <datafield ind2=" " ind1=" " tag="260">
      <subfield code="c">2016</subfield>
   </datafield>
   <datafield ind2=" " ind1=" " tag="260">
      <subfield code="c">2020-04-02T06:17:25Z</subfield>
   </datafield>
   <datafield ind2=" " ind1=" " tag="520">
      <subfield code="a">El reconocimiento entendido como proceso de dar valor y comunicárselo a la persona en formación es una elemento educativo fundamental. Obtener reconocimiento es imprescindible para construir la propia identidad y desarrollar competencias para la vida. Es posible reconocer a las personas en formación en cualquier situación educativa, pero hay actividades, como el aprendizaje servicio, que por su naturaleza facilitan el reconocimiento, así como la programación de actos explícitamente destinados a comunicarlo. A partir de la observación de experiencias, se establecen las características de los actos de reconocimiento y se muestra su variabilidad. A continuación se analizan las fuentes de esa variabilidad: los modos de entrelazar el reconocimiento con los procesos de reflexión y evaluación; los miembros de la comunidad participantes en los actos -educadores, representantes de entidades, receptores del servicio y administraciones-; y finalmente las tareas que se llevan a cabo en los actos de reconocimiento -identificar, valorar, simbolizar, agradecer y celebrar- y los modos de concretar esas tareas. Con la información obtenida se pretende está en disposición de idear mejores actos de reconocimiento.</subfield>
   </datafield>
   <datafield tag="653" ind2=" " ind1=" ">
      <subfield code="a">Psicologia de l'aprenentatge</subfield>
   </datafield>
   <datafield tag="653" ind2=" " ind1=" ">
      <subfield code="a">Psychology of learning</subfield>
   </datafield>
   <datafield ind2="0" ind1="0" tag="245">
      <subfield code="a">Reconocimiento y aprendizaje servicio</subfield>
   </datafield>
</record></metadata></record></GetRecord></OAI-PMH>